<?xml version="1.0" encoding="UTF-8"?>
<record
    xmlns:xsi="http://www.w3.org/2001/XMLSchema-instance"
    xsi:schemaLocation="http://www.loc.gov/MARC21/slim http://www.loc.gov/standards/marcxml/schema/MARC21slim.xsd"
    xmlns="http://www.loc.gov/MARC21/slim">

  <leader>01569    a2200229   4500</leader>
  <controlfield tag="001">55590</controlfield>
  <controlfield tag="005">20260407155829.0</controlfield>
  <controlfield tag="008">260407a1978    arg                 spa d</controlfield>
  <controlfield tag="003">AR-UNSa-BCEJYS</controlfield>
  <datafield tag="040" ind1=" " ind2=" ">
    <subfield code="a">AR-UNSa-BCEJYS</subfield>
    <subfield code="b">spa</subfield>
    <subfield code="c">AR-UNSa-BCEJYS</subfield>
  </datafield>
  <datafield tag="080" ind1=" " ind2=" ">
    <subfield code="a">330.101.8</subfield>
    <subfield code="x">Clasificaci&#xF3;n y subdivisiones de la econom&#xED;a. Te&#xF3;rica, pr&#xE1;ctica. Pura, aplicada. General, especial. Relaci&#xF3;n de la econom&#xED;a con la teor&#xED;a de la econom&#xED;a pol&#xED;tica. Interrelaciones de econom&#xED;a pol&#xED;tica, econom&#xED;a privada, econom&#xED;a de la empresa (econom&#xED;a comercial). Relaci&#xF3;n de la econom&#xED;a pol&#xED;tica general y especial. Econom&#xED;a sectorial</subfield>
  </datafield>
  <datafield tag="245" ind1="1" ind2="0">
    <subfield code="a">Econom&#xED;a y administraci&#xF3;n</subfield>
  </datafield>
  <datafield tag="264" ind1=" " ind2="1">
    <subfield code="a">M&#xE9;xico :</subfield>
    <subfield code="b">Interamericana</subfield>
    <subfield code="c">1978</subfield>
  </datafield>
  <datafield tag="300" ind1=" " ind2=" ">
    <subfield code="a">viii, 583 p.</subfield>
    <subfield code="c">22 cm.</subfield>
  </datafield>
  <datafield tag="505" ind1=" " ind2=" ">
    <subfield code="a">1. Usos y aplicaciones de la econom&#xED;a administrativa &#x2013; 2. T&#xE9;cnicas de optimizaci&#xF3;n &#x2013; 3. An&#xE1;lisis de riesgos &#x2013; 4. Teor&#xED;a de la demanda &#x2013; 5. T&#xE9;cnicas de la estimaci&#xF3;n de la demanda &#x2013; 6. Teor&#xED;a de la producci&#xF3;n &#x2013; 7. Programaci&#xF3;n lineal &#x2013; 8. Teor&#xED;as de costos &#x2013; 9. An&#xE1;lisis emp&#xED;rico de costos &#x2013; 10. La estructura del mercado y la teor&#xED;a de los precios &#x2013; 11. Pr&#xE1;cticas de establecimiento de precios &#x2013; 12. Reglamentos y leyes antimonopolistas &#x2013; 13. Decisiones de inversi&#xF3;n a largo plazo: presupuestos de capital &#x2013; 14. Compa&#xF1;&#xED;a westfall: un caso integrado de decisiones administrativas </subfield>
  </datafield>
  <datafield tag="041" ind1=" " ind2=" ">
    <subfield code="a">spa</subfield>
  </datafield>
  <datafield tag="942" ind1=" " ind2=" ">
    <subfield code="c">BK</subfield>
  </datafield>
  <datafield tag="590" ind1=" " ind2=" ">
    <subfield code="a">niveau_biblio:m niveau_hierar:0</subfield>
  </datafield>
  <datafield tag="100" ind1="1" ind2=" ">
    <subfield code="a">Brigham, Eugene F.</subfield>
  </datafield>
  <datafield tag="700" ind1="1" ind2=" ">
    <subfield code="a">Pappas, James L.</subfield>
  </datafield>
  <datafield tag="700" ind1="1" ind2=" ">
    <subfield code="a">Contin, Agustin</subfield>
  </datafield>
  <datafield tag="999" ind1=" " ind2=" ">
    <subfield code="c">5962</subfield>
    <subfield code="d">5962</subfield>
  </datafield>
  <datafield tag="952" ind1=" " ind2=" ">
    <subfield code="0">0</subfield>
    <subfield code="1">0</subfield>
    <subfield code="4">0</subfield>
    <subfield code="7">0</subfield>
    <subfield code="a">BCEJYS</subfield>
    <subfield code="b">BCEJYS</subfield>
    <subfield code="c">16</subfield>
    <subfield code="d">2026-04-07</subfield>
    <subfield code="l">0</subfield>
    <subfield code="o">330.101.8 B855</subfield>
    <subfield code="p">L33581</subfield>
    <subfield code="r">2026-04-07 15:58:29</subfield>
    <subfield code="w">2026-04-07</subfield>
    <subfield code="y">L</subfield>
  </datafield>
</record>
